000 00642nam a2200229Ia 4500
003 OSt
005 20221007080801.0
006 a|||||r|||| 00| 0
007 ta
008 221006b |||||||| |||| 00| 0 eng d
024 _a18,764
037 _cTextual
040 _aFLL
_cFLL
_beng
041 _2eng
_aeng
082 _aZ1,135, L5
100 _aGoodwin G.S. Au.
_9695507
245 0 _aInternational law and the movement of persons between states
260 _aNew York
_bClarendon press oxford U.S.A.
_c1975
300 _a324p
_ccm.
942 _hZ1,135, L5
_cTEXL
_2CC
999 _c1160884
_d1160884